000 00846nam a22001937a 4500
999 _c1549
_d1549
003 AR-CdUCM
008 190227b ||||| |||| 00| 0 spa d
040 _aMUNICIPALIDAD PROVINCIAL DEL CUSCO
_cBIBLIOTECA MUNICIPAL DEL CUSCO
082 _a747.78 /
_bP18
100 _aPajot, Anne Marie
_95818
245 _aEl cuarto de baño y la cocina /
260 _aBarcelona :
_bCEAC,
_c1979.
300 _a127 paginas ;
_b42 Fotografias.
_c23 cm.
505 _aEl cuarto de baño ideal -- Para equipar el cuarto de baño -- Dimensiones que se deben conocer -- Los estilos de vanguardia en los cuartos de baño -- La cocina como darle personalidad -- La cocina de paredes azules y blancas ...
650 _aDecoración de interiores (Baño)
_95819
650 _aDecoración de interiores (Cocina)
_95820
942 _2ddc
_cLIBROS
945 _aacv
_d2019-02-27